|
|
|
|
| LEADER |
01813nam a22003973i 4500 |
| 001 |
EBC30406549 |
| 003 |
MiAaPQ |
| 005 |
20231204023230.0 |
| 006 |
m o d | |
| 007 |
cr cnu|||||||| |
| 008 |
231204s2022 xx o ||||0 eng d |
| 020 |
|
|
|a 9781802700565
|q (electronic bk.)
|
| 020 |
|
|
|z 9781802700572
|
| 035 |
|
|
|a (MiAaPQ)EBC30406549
|
| 035 |
|
|
|a (Au-PeEL)EBL30406549
|
| 035 |
|
|
|a (OCoLC)1373345194
|
| 040 |
|
|
|a MiAaPQ
|b eng
|e rda
|e pn
|c MiAaPQ
|d MiAaPQ
|
| 082 |
0 |
|
|a 947.02
|
| 100 |
1 |
|
|a Halperin, Charles J.
|
| 245 |
1 |
4 |
|a The Rise and Demise of the Myth of the Rus' Land.
|
| 250 |
|
|
|a 1st ed.
|
| 264 |
|
1 |
|a Amsterdam :
|b Arc Humanities Press,
|c 2022.
|
| 264 |
|
4 |
|c Ã2022.
|
| 300 |
|
|
|a 1 online resource (116 pages)
|
| 336 |
|
|
|a text
|b txt
|2 rdacontent
|
| 337 |
|
|
|a computer
|b c
|2 rdamedia
|
| 338 |
|
|
|a online resource
|b cr
|2 rdacarrier
|
| 490 |
1 |
|
|a Beyond Medieval Europe Series
|
| 520 |
|
|
|a The concept of the Rus' Land became and remained an historical myth of modern Russian nationalism as the equivalent of "Russia." This book looks at the history of the use of the concept of the Rus' Land from the tenth to the seventeenth century.
|
| 588 |
|
|
|a Description based on publisher supplied metadata and other sources.
|
| 590 |
|
|
|a Electronic reproduction. Ann Arbor, Michigan : ProQuest Ebook Central, 2023. Available via World Wide Web. Access may be limited to ProQuest Ebook Central affiliated libraries.
|
| 655 |
|
4 |
|a Electronic books.
|
| 776 |
0 |
8 |
|i Print version:
|a Halperin, Charles J.
|t The Rise and Demise of the Myth of the Rus' Land
|d Amsterdam : Arc Humanities Press,c2022
|z 9781802700572
|
| 797 |
2 |
|
|a ProQuest (Firm)
|
| 830 |
|
0 |
|a Beyond Medieval Europe Series
|
| 856 |
4 |
0 |
|u https://ebookcentral.proquest.com/lib/matrademy/detail.action?docID=30406549
|z Click to View
|